Statistiques concernant 10 acteurs: Interstellar

Cliquez ici pour prendre le quiz!

Statistiques générales

  • Ce quiz a été pris 50 fois
  • Le résultat moyen est 4 sur 10

Statistiques - réponses

RôleRéponse% Correct
CooperMatthew McConaughey
87%
MurphyJessica Chastain
60%
Professeur BrandMichael Caine
60%
Amélia BrandAnne Hathaway
58%
Docteur MannMatt Damon
53%
Tom (Jeune)Timothée Chalamet
53%
TomCasey Affleck
44%
Murphy (Jeune)Mackenzie Foy
11%
DoyleWes Bentley
4%
RomillyDavid Gyasi
0%

Distribution des résultats

Percentile par nombre de réponses

% des personnes avec chaque résultat

Votre développement - résultats

Vous n’avez pas pris ce quiz